000 00982nab a22002297a 4500
999 _c5699
_d5699
003 OSt
005 20251229115037.0
008 190429b xxu||||| |||| 00| 0 spa d
040 _cPJ
100 _9553
_aEdwards, Carlos Enrique
245 1 0 _aInvalidez de la investigación autónoma policial /
_cCarlos Edwards.
260 _cCiudad Autónoma de Buenos Aires :
_aThomson Reuters La Ley,
_b2025.
300 _ap. 125-126
500 _aCita: TR LALEY AR/DOC/2204/2025.
505 _aFallo comentado: T. de Juicio y Apelaciones Nro. 8, Paraná ~ 09/05/2025 ~ W., E. A. s/ narcomenudeo.
505 _tSi te interesa el texto completo, solicitalo a koha@justierradelfuego.gov.ar
650 0 _9343
_aDERECHO PENAL
650 0 _9179
_aGARANTIAS CONSTITUCIONALES ›
650 0 _94027
_aPOLICÍA
773 0 _02658
_93164
_tRevista de derecho penal y criminología. Nº 8 - Octubre 2025
_dCiudad Autónoma de Buenos Aires : Thomson Reuters La Ley, 2017-
_x00347914
942 _2udc
_cANA